| 000 | 01125 a2200313 4500 | ||
|---|---|---|---|
| 005 | 20250812104214.0 | ||
| 008 | 250812b |||||||| |||| 00| 0 eng d | ||
| 022 | _a25819615 | ||
| 041 | _aEn | ||
| 044 | _aCIV | ||
| 090 | _bDG/A/1641 | ||
| 100 | _a NIAMKETCHI, Leonce Gilles | ||
| 100 | _a KONAN, Jean-Noel | ||
| 110 | _aCentre National de Recherche Agronomique | ||
| 110 | _bCote d'Ivoire | ||
| 242 | _aEtude comparative du developpement morphologique des plantules de palmier a huile a partir de trois stades de differenciation des graines germees | ||
| 245 | _aComparative study of oil palm seedlings morphological development of from three stages of germinated seed differentiation | ||
| 260 | _aWorld Journal of Advanced Research and Reviews | ||
| 260 | _bCNRA | ||
| 260 | _cMai 2025 | ||
| 302 | _a p.705-1714 | ||
| 388 | _a2025-08-12 | ||
| 650 |
_2AGROVOC _gPalmier a huile |
||
| 650 |
_ggraines germees _2AGROVOC |
||
| 650 |
_gpepiniere _2AGROVOC |
||
| 650 |
_gdifferenciation _2AGROVOC |
||
| 650 |
_gsemis _2AGROVOC |
||
| 856 | _uhttps://ftech.byethost7.com/wp-content/uploads/2025/08/DGA1641.pdf | ||
| 999 |
_c5958 _d5958 |
||